[Event "NED-ch 1987"]
[Site "Hilversum"]
[Date "1987.??.??"]
[Round "?"]
[White "Boersma, Paul"]
[Black "Cardon, Helmut"]
[Result "1/2-1/2"]
[WhiteElo "2415"]
[BlackElo "2380"]
[PlyCount "69"]
[EventDate "1987.06.??"]
[Source "ChessBase"]
[SourceDate "1994.03.01"]

1. Nf3 Nf6 2. c4 e6 3. g3 d5 4. Bg2 dxc4 5. Qa4+ Nbd7 6. Qxc4 c5 7. d3 a6 8. a4
b5 9. Qb3 Bb7 10. axb5 Bd5 11. Qc2 axb5 12. Rxa8 Qxa8 13. Nc3 Bc6 14. O-O Be7
15. Nh4 Nd5 16. Bxd5 Bxd5 17. Nxb5 Qb7 18. Na3 g5 19. Nf3 Bxf3 20. exf3 Ne5 21.
Qa4+ Kd8 22. Qe4 Nxf3+ 23. Kg2 Qxe4 24. dxe4 g4 25. Nc4 Bf6 26. h3 h5 27. Ne3
Ne5 28. hxg4 hxg4 29. Bd2 Ke7 30. Bc3 Ra8 31. b4 Nd3 32. Bxf6+ Kxf6 33. bxc5
Kg5 34. c6 Rc8 35. Rh1 1/2-1/2

[Event "NED-ch 1987"]
[Site "Hilversum"]
[Date "1987.??.??"]
[Round "?"]
[White "Boersma, Paul"]
[Black "Sosonko, Gennadi"]
[Result "0-1"]
[WhiteElo "2415"]
[BlackElo "2530"]
[PlyCount "68"]
[EventDate "1987.06.??"]
[Source "ChessBase"]
[SourceDate "1994.03.01"]

1. Nf3 Nf6 2. c4 e6 3. g3 d5 4. Bg2 dxc4 5. Qa4+ Nbd7 6. Qxc4 c5 7. a4 b6 8. a5
Bb7 9. O-O Be7 10. Nc3 O-O 11. d3 Bxf3 12. exf3 Ne5 13. Qb5 Rc8 14. f4 Nxd3 15.
axb6 axb6 16. Rd1 c4 17. Be3 Bc5 18. Qxc4 Nxb2 19. Rxd8 Nxc4 20. Rxf8+ Kxf8 21.
Bxc5+ bxc5 22. Ra7 Nb6 23. Kf1 Nfd5 24. Rb7 c4 25. Nxd5 Nxd5 26. Ke2 Ra8 27.
Rb2 g6 28. h4 h5 29. Bf3 Ra3 30. f5 Nc3+ 31. Kd2 exf5 32. Rb8+ Ke7 33. Rc8 Nb5
34. Bd5 Rd3+ 0-1

[Event "NED-ch 1987"]
[Site "Hilversum"]
[Date "1987.??.??"]
[Round "?"]
[White "Boersma, Paul"]
[Black "Vanheste, Jeroen"]
[Result "1/2-1/2"]
[WhiteElo "2415"]
[BlackElo "2290"]
[PlyCount "86"]
[EventDate "1987.06.??"]
[Source "ChessBase"]
[SourceDate "1994.03.01"]

1. Nf3 f5 2. b4 Nf6 3. Bb2 e6 4. b5 b6 5. e3 Bb7 6. a4 Be7 7. c4 O-O 8. d3 c5
9. Be2 d5 10. Nbd2 Bd6 11. O-O Nbd7 12. a5 Rb8 13. axb6 axb6 14. Ra7 Qc7 15.
Qc2 Ra8 16. Rfa1 Rxa7 17. Rxa7 Qc8 18. g3 Bb8 19. Ra1 e5 20. cxd5 Bxd5 21. e4
fxe4 22. dxe4 Bb7 23. Nh4 Re8 24. Nf5 Nf8 25. Qb3+ Ne6 26. Nc4 Nxe4 27. f3 N4g5
28. Nfd6 Qd7 29. Nxe8 Qxe8 30. Nxe5 Kh8 31. f4 Bxe5 32. Bxe5 Nd4 33. Qe3 Ngf3+
34. Bxf3 Nxf3+ 35. Kf2 Qd7 36. Bb2 Nxh2 37. Qc3 Ng4+ 38. Kg1 Nf6 39. Re1 h6 40.
Re2 Qd1+ 41. Qe1 Qd5 42. Bxf6 Qh1+ 43. Kf2 Qf3+ 1/2-1/2

[Event "NED-ch 1987"]
[Site "Hilversum"]
[Date "1987.??.??"]
[Round "?"]
[White "Cardon, Helmut"]
[Black "Ligterink, Gert"]
[Result "1/2-1/2"]
[WhiteElo "2380"]
[BlackElo "2470"]
[PlyCount "33"]
[EventDate "1987.06.??"]
[Source "ChessBase"]
[SourceDate "1994.03.01"]

1. d4 Nf6 2. c4 e6 3. Nc3 Bb4 4. e3 O-O 5. Bd3 c5 6. Nge2 cxd4 7. exd4 d5 8.
cxd5 Nxd5 9. O-O Nc6 10. Bc2 Re8 11. Qd3 g6 12. Rd1 Bd7 13. Nxd5 exd5 14. Qf3
Rc8 15. Be3 Be6 16. Nf4 Qd7 17. Nxe6 1/2-1/2

[Event "NED-ch 1987"]
[Site "Hilversum"]
[Date "1987.??.??"]
[Round "?"]
[White "Cardon, Helmut"]
[Black "Timman, Jan"]
[Result "0-1"]
[WhiteElo "2490"]
[BlackElo "2590"]
[PlyCount "60"]
[EventDate "1987.06.??"]
[Source "ChessBase"]
[SourceDate "1994.03.01"]

1. d4 e6 2. c4 b6 3. d5 Nf6 4. f3 c6 5. d6 Na6 6. Qd4 Bb7 7. e4 c5 8. Qc3 Nh5
9. Qe5 Qh4+ 10. g3 f6 11. Qxe6+ dxe6 12. d7+ Kf7 13. gxh4 Nb4 14. Na3 Rd8 15.
Bd2 Rxd7 16. Bxb4 cxb4 17. Nc2 Be7 18. Rd1 Rhd8 19. Rxd7 Rxd7 20. Nh3 h6 21.
Ne3 f5 22. exf5 Bxh4+ 23. Ke2 Re7 24. fxe6+ Rxe6 25. Bg2 Bf6 26. Kd2 Bxb2 27.
Nd5 Bc3+ 28. Nxc3 bxc3+ 29. Kd3 Rg6 30. Rg1 Bc8 0-1

[Event "NED-ch 1987"]
[Site "Hilversum"]
[Date "1987.??.??"]
[Round "?"]
[White "Cardon, Helmut"]
[Black "Van der Sterren, Paul"]
[Result "1/2-1/2"]
[WhiteElo "2380"]
[BlackElo "2520"]
[PlyCount "147"]
[EventDate "1987.06.??"]
[Source "ChessBase"]
[SourceDate "1994.03.01"]

1. d4 f5 2. Nc3 Nf6 3. Bg5 d5 4. Bxf6 exf6 5. e3 c6 6. Qf3 Be6 7. Bd3 g6 8.
Nge2 Nd7 9. h3 Qa5 10. g4 fxg4 11. hxg4 O-O-O 12. O-O-O Bf7 13. Rh3 h6 14. Kb1
Re8 15. Nc1 Qd8 16. N3e2 Nb6 17. Nf4 Rg8 18. Nb3 Nc4 19. Bxc4 dxc4 20. Nc1 Kb8
21. d5 cxd5 22. Nxd5 Bg7 23. e4 Bxd5 24. Rxd5 Qb6 25. Qf4+ Ka8 26. Rd6 Qb5 27.
Rd5 Qb6 28. Rd6 Qc5 29. Rd5 Qe7 30. Rc3 Rc8 31. Re3 Rgd8 32. c3 a6 33. Re2 Bf8
34. f3 Qe6 35. Red2 Rxd5 36. Rxd5 Qb6 37. Qd2 Ka7 38. Kc2 Bc5 39. Ne2 Be3 40.
Qd1 Qc6 41. Kb1 Qb6 42. Nd4 Ka8 43. Qa4 Bxd4 44. Rxd4 h5 45. Qd7 Kb8 46. gxh5
gxh5 47. Qh7 Qc5 48. a3 Rc6 49. f4 Ka7 50. f5 Rb6 51. Ka2 Qb5 52. Rd2 Qe8 53.
Rd4 Qb5 54. Rd2 Qe5 55. Qxh5 Qxe4 56. Qe2 Qxe2 57. Rxe2 Rb5 58. Re4 Rc5 59. Rf4
Kb6 60. b4 cxb3+ 61. Kxb3 Kc6 62. c4 Kd6 63. Kb4 b6 64. a4 Re5 65. Rf1 Kc6 66.
Rf2 Re4 67. Rd2 b5 68. axb5+ axb5 69. Rc2 Rf4 70. Kb3 Rxf5 71. cxb5+ Kxb5 72.
Rc8 Rc5 73. Rxc5+ Kxc5 74. Kc3 1/2-1/2

[Event "NED-ch 1987"]
[Site "Hilversum"]
[Date "1987.??.??"]
[Round "?"]
[White "Kuijf, Rini"]
[Black "Boersma, Paul"]
[Result "1/2-1/2"]
[WhiteElo "2470"]
[BlackElo "2415"]
[PlyCount "46"]
[EventDate "1987.06.??"]
[Source "ChessBase"]
[SourceDate "1994.03.01"]

1. e4 c6 2. d4 d5 3. exd5 cxd5 4. c4 Nf6 5. Nc3 Nc6 6. Nf3 Bg4 7. cxd5 Nxd5 8.
Qb3 Bxf3 9. gxf3 Nb6 10. d5 Nd4 11. Qd1 e5 12. dxe6 fxe6 13. Be3 Bc5 14. b4 Qf6
15. bxc5 Nxf3+ 16. Ke2 O-O 17. cxb6 Rad8 18. Bg2 Rxd1 19. Raxd1 Qxc3 20. Bxf3
Qc4+ 21. Rd3 Rxf3 22. Kxf3 Qxd3 23. bxa7 Qf5+ 1/2-1/2

[Event "NED-ch 1987"]
[Site "Hilversum"]
[Date "1987.??.??"]
[Round "?"]
[White "Kuijf, Rini"]
[Black "Cardon, Helmut"]
[Result "1-0"]
[WhiteElo "2470"]
[BlackElo "2380"]
[PlyCount "91"]
[EventDate "1987.06.??"]
[Source "ChessBase"]
[SourceDate "1994.03.01"]

1. e4 c5 2. Nf3 d6 3. d4 cxd4 4. Nxd4 Nf6 5. Nc3 Nc6 6. Be3 Ng4 7. Bg5 Qb6 8.
Bb5 e5 9. Nd5 Qxd4 10. Qxd4 exd4 11. Nc7+ Kd7 12. Nxa8 f6 13. Bf4 b6 14. a4 Bb7
15. a5 Be7 16. axb6 Rxa8 17. Rxa7 Rxa7 18. bxa7 Kc7 19. Bxc6 Bxc6 20. Ke2 Kb7
21. Ra1 Ka8 22. Bg3 Ne5 23. f3 Bd8 24. Kd2 Bb5 25. b3 Bb6 26. c4 dxc3+ 27. Kxc3
Bxa7 28. Bf2 Nc6 29. Bxa7 Nxa7 30. Kd4 Bc6 31. g4 Kb7 32. h4 h6 33. g5 hxg5 34.
hxg5 Nb5+ 35. Ke3 fxg5 36. Rg1 Be8 37. Rxg5 g6 38. f4 Kc6 39. f5 gxf5 40. exf5
Bf7 41. b4 Kd7 42. Kf4 Ke7 43. f6+ Kxf6 44. Rxb5 Ke6 45. Rb8 Kd5 46. Rc8 1-0

[Event "NED-ch 1987"]
[Site "Hilversum"]
[Date "1987.??.??"]
[Round "?"]
[White "Kuijf, Rini"]
[Black "Riemersma, Liafbern"]
[Result "0-1"]
[WhiteElo "2470"]
[BlackElo "2395"]
[PlyCount "48"]
[EventDate "1987.06.??"]
[Source "ChessBase"]
[SourceDate "1994.03.01"]

1. e4 c5 2. Nf3 d6 3. Nc3 Nc6 4. d4 cxd4 5. Nxd4 Nf6 6. Be3 Ng4 7. Bb5 Nxe3 8.
fxe3 Bd7 9. O-O e6 10. Bxc6 bxc6 11. e5 Be7 12. exd6 Bxd6 13. Qh5 O-O 14. Ne4
Be7 15. Rad1 Qb6 16. Rf3 Be8 17. Rh3 h6 18. Rg3 Kh7 19. Rf1 Qd8 20. c4 a5 21.
Rff3 g6 22. Qh3 c5 23. Ne2 f5 24. N4c3 g5 0-1

[Event "NED-ch 1987"]
[Site "Hilversum"]
[Date "1987.??.??"]
[Round "?"]
[White "Kuijf, Rini"]
[Black "Sosonko, Gennadi"]
[Result "1/2-1/2"]
[WhiteElo "2470"]
[BlackElo "2530"]
[PlyCount "42"]
[EventDate "1987.06.??"]
[Source "ChessBase"]
[SourceDate "1994.03.01"]

1. e4 c5 2. Nf3 Nc6 3. d4 cxd4 4. Nxd4 Nf6 5. Nc3 g6 6. Nxc6 bxc6 7. e5 Ng8 8.
Bc4 Bg7 9. Qf3 f5 10. Bf4 e6 11. O-O-O Qc7 12. Qe3 Rb8 13. Rhe1 Qb6 14. Na4
Qxe3+ 15. Bxe3 Bxe5 16. Bxa7 Bf4+ 17. Kb1 Ra8 18. Bd4 Rxa4 19. b3 Rxc4 20. bxc4
e5 21. Rxe5+ Kf7 1/2-1/2

[Event "NED-ch 1987"]
[Site "Hilversum"]
[Date "1987.??.??"]
[Round "?"]
[White "Kuijf, Rini"]
[Black "Vanheste, Jeroen"]
[Result "1/2-1/2"]
[WhiteElo "2470"]
[BlackElo "2290"]
[PlyCount "25"]
[EventDate "1987.06.??"]
[Source "ChessBase"]
[SourceDate "1994.03.01"]

1. e4 e6 2. d4 d5 3. Nd2 Nf6 4. Bd3 c5 5. e5 Nfd7 6. c3 b6 7. Nh3 Ba6 8. Bxa6
Nxa6 9. O-O cxd4 10. cxd4 Nb4 11. Nf3 Qc8 12. a3 Qa6 13. Be3 1/2-1/2

[Event "NED-ch 1987"]
[Site "Hilversum"]
[Date "1987.??.??"]
[Round "?"]
[White "Ligterink, Gert"]
[Black "Boersma, Paul"]
[Result "0-1"]
[WhiteElo "2470"]
[BlackElo "2415"]
[PlyCount "80"]
[EventDate "1987.06.??"]
[Source "ChessBase"]
[SourceDate "1994.03.01"]

1. d4 d5 2. c4 c6 3. Nf3 Nf6 4. Nc3 dxc4 5. e4 b5 6. e5 Nd5 7. a4 e6 8. Ng5 h6
9. Nge4 b4 10. Nb1 Ba6 11. Qf3 c5 12. Nbd2 Nc6 13. Nxc4 Nxd4 14. Qd1 Bxc4 15.
Bxc4 Nb6 16. Ba2 Nc6 17. Qe2 Nxe5 18. Bb1 Nc6 19. O-O Nd4 20. Qd1 Qc7 21. a5
Nd5 22. Be3 Be7 23. Bxd4 cxd4 24. Qxd4 O-O 25. Bd3 Rad8 26. Rfc1 Qb8 27. Bf1
Nf6 28. Qe3 Nxe4 29. Qxe4 Bf6 30. Rab1 Rd4 31. Qc6 Rd2 32. Rd1 Rfd8 33. b3 Qf4
34. Rxd2 Rxd2 35. Qe8+ Kh7 36. Qxf7 Qxf2+ 37. Kh1 Qe3 38. Bc4 Qe4 39. Rg1 Bd4
40. Bxe6 Qxg2+ 0-1

[Event "NED-ch 1987"]
[Site "Hilversum"]
[Date "1987.??.??"]
[Round "?"]
[White "Ligterink, Gert"]
[Black "Kuijf, Rini"]
[Result "1/2-1/2"]
[WhiteElo "2470"]
[BlackElo "2470"]
[PlyCount "37"]
[EventDate "1987.06.??"]
[Source "ChessBase"]
[SourceDate "1994.03.01"]

1. d4 d5 2. c4 e6 3. Nf3 c6 4. Nc3 Nf6 5. Bg5 h6 6. Bxf6 Qxf6 7. e3 Nd7 8. Qc2
Bb4 9. Bd3 O-O 10. O-O Qe7 11. Rad1 a6 12. a3 Bxc3 13. Qxc3 dxc4 14. Bxc4 b5
15. Be2 c5 16. dxc5 Nxc5 17. Rc1 Na4 18. Qa5 Bb7 19. Qc7 1/2-1/2

[Event "NED-ch 1987"]
[Site "Hilversum"]
[Date "1987.??.??"]
[Round "?"]
[White "Ligterink, Gert"]
[Black "Ree, Hans"]
[Result "1/2-1/2"]
[WhiteElo "2470"]
[BlackElo "2440"]
[PlyCount "38"]
[EventDate "1987.06.??"]
[Source "ChessBase"]
[SourceDate "1994.03.01"]

1. d4 d5 2. c4 dxc4 3. Nf3 a6 4. e3 Nf6 5. Bxc4 e6 6. Qe2 c5 7. O-O b5 8. Bb3
Bb7 9. Rd1 Nbd7 10. e4 cxd4 11. e5 Bxf3 12. gxf3 Nh5 13. f4 Qh4 14. Rxd4 Bc5
15. Re4 Ng3 16. hxg3 Qxg3+ 17. Kf1 Qh3+ 18. Kg1 Qg3+ 19. Kf1 Qh3+ 1/2-1/2

[Event "NED-ch 1987"]
[Site "Hilversum"]
[Date "1987.??.??"]
[Round "?"]
[White "Ligterink, Gert"]
[Black "Vanheste, Jeroen"]
[Result "0-1"]
[WhiteElo "2470"]
[BlackElo "2290"]
[PlyCount "80"]
[EventDate "1987.06.??"]
[Source "ChessBase"]
[SourceDate "1994.03.01"]

1. d4 f5 2. Nc3 Nf6 3. Bg5 d5 4. Bxf6 exf6 5. e3 c6 6. Bd3 Bd6 7. Qf3 g6 8. h3
Qe7 9. g4 f4 10. O-O-O fxe3 11. Re1 O-O 12. Rxe3 Qc7 13. Nge2 f5 14. gxf5 Bxf5
15. Bxf5 Rxf5 16. Re8+ Kf7 17. Qe3 Be7 18. Rh8 Kg7 19. Re8 Bg5 20. f4 Rxf4 21.
Kb1 Rf1+ 22. Rxf1 Bxe3 23. Rxe3 Na6 24. Nf4 Kh6 25. Nd3 Qd6 26. Ne5 Rf8 27.
Nf7+ Kg7 28. Ref3 Qe7 29. Ne5 Rxf3 30. Rxf3 Qh4 31. Ne2 Qe4 32. Rf7+ Kg8 33.
Rf2 Nb4 34. Nc1 Qxd4 35. Re2 Qd1 36. a3 Na2 37. Kxa2 Qxc1 38. Nd3 Qg5 39. Nc5
Qh4 40. b3 b6 0-1

[Event "NED-ch 1987"]
[Site "Hilversum"]
[Date "1987.??.??"]
[Round "?"]
[White "Pieterse, Gert"]
[Black "Ligterink, Gert"]
[Result "0-1"]
[WhiteElo "2290"]
[BlackElo "2470"]
[PlyCount "72"]
[EventDate "1987.06.??"]
[Source "ChessBase"]
[SourceDate "1994.03.01"]

1. d4 Nf6 2. c4 d6 3. Nc3 Bf5 4. f3 e5 5. e4 exd4 6. Nd5 Be6 7. Qxd4 Nbd7 8.
Ne2 c6 9. Nxf6+ Nxf6 10. Nf4 Be7 11. Bd2 O-O 12. Bc3 d5 13. cxd5 cxd5 14. O-O-O
dxe4 15. Nxe6 fxe6 16. Qe5 Qc8 17. Rd4 Kh8 18. Rxe4 Rd8 19. Rc4 Qd7 20. Rd4 Bd6
21. Qg5 Nd5 22. Bc4 Nxc3 23. bxc3 Qc7 24. Rh4 h6 25. Kb1 Bf8 26. Bxe6 Qb6+ 27.
Bb3 Rac8 28. Re1 Rd6 29. Qf5 Rdd8 30. Qf7 Ba3 31. Rg4 Qf6 32. Qxf6 gxf6 33. Rg6
Rxc3 34. Rxf6 Rdc8 35. Bc2 Rxc2 36. Re8+ Kg7 0-1

[Event "NED-ch 1987"]
[Site "Hilversum"]
[Date "1987.??.??"]
[Round "?"]
[White "Pieterse, Gert"]
[Black "Timman, Jan"]
[Result "1-0"]
[WhiteElo "2290"]
[BlackElo "2590"]
[PlyCount "38"]
[EventDate "1987.06.??"]
[Source "ChessBase"]
[SourceDate "1994.03.01"]

1. d4 Nf6 2. c4 d6 3. Nc3 Bf5 4. f3 e5 5. e4 exd4 6. Nd5 Be6 7. Qxd4 Nc6 8. Qc3
Ne5 9. Be3 c6 10. Nxf6+ Qxf6 11. Rc1 Be7 12. Qd2 O-O 13. h4 Bd8 14. Bg5 Qg6 15.
Ne2 f6 16. Nf4 Qf7 17. Qxd6 Re8 18. Nxe6 Rxe6 19. Qd2 fxg5 1-0

[Event "NED-ch 1987"]
[Site "Hilversum"]
[Date "1987.??.??"]
[Round "?"]
[White "Pieterse, Gert"]
[Black "Van der Wiel, John"]
[Result "1/2-1/2"]
[WhiteElo "2290"]
[BlackElo "2590"]
[PlyCount "119"]
[EventDate "1987.06.??"]
[Source "ChessBase"]
[SourceDate "1994.03.01"]

1. d4 Nf6 2. c4 d6 3. Nc3 Bf5 4. f3 e5 5. e4 exd4 6. Nd5 Be6 7. Qxd4 Nbd7 8.
Ne2 c6 9. Nxf6+ Nxf6 10. Nc3 Be7 11. Be3 O-O 12. Be2 a6 13. Rd1 b5 14. O-O Qb8
15. b3 Rd8 16. Qb6 bxc4 17. Bxc4 Bxc4 18. bxc4 Qc8 19. Rb1 Nd7 20. Qb7 Rb8 21.
Qxc8 Rdxc8 22. Na4 Ne5 23. c5 dxc5 24. Bxc5 Kf8 25. Bxe7+ Kxe7 26. Nc5 Nd7 27.
Nxd7 Kxd7 28. Kf2 Kc7 29. Ke3 Rb5 30. Rbc1 Rb2 31. Rf2 Rxf2 32. Kxf2 Rb8 33.
Rc2 Rb4 34. Ke3 Kb6 35. Kd3 Kb5 36. g3 g5 37. Re2 c5 38. Kc3 Rc4+ 39. Kb2 Rd4
40. Rc2 Rd3 41. Rf2 Kc4 42. f4 gxf4 43. Rxf4 Rd2+ 44. Ka3 Rxh2 45. Rxf7 Kd4 46.
Ra7 h5 47. Rxa6 Rh3 48. Ka4 Rxg3 49. Kb5 c4 50. Rd6+ Kc3 51. Rd5 Re3 52. Rxh5
Rxe4 53. a4 Kb3 54. a5 c3 55. a6 Rb4+ 56. Ka5 c2 57. Rh1 Rc4 58. a7 c1=Q 59.
Rxc1 Rxc1 60. Kb6 1/2-1/2

[Event "NED-ch 1987"]
[Site "Hilversum"]
[Date "1987.??.??"]
[Round "?"]
[White "Pieterse, Gert"]
[Black "Vanheste, Jeroen"]
[Result "1/2-1/2"]
[WhiteElo "2290"]
[BlackElo "2290"]
[PlyCount "119"]
[EventDate "1987.06.??"]
[Source "ChessBase"]
[SourceDate "1994.03.01"]

1. d4 f5 2. Nf3 Nf6 3. g3 g6 4. Bg2 Bg7 5. O-O O-O 6. b3 d6 7. Bb2 Qe8 8. Nbd2
Nc6 9. Nc4 e6 10. a4 Bd7 11. e3 h6 12. Qe2 Ne4 13. Rad1 Rd8 14. Ncd2 Nxd2 15.
Rxd2 Qf7 16. e4 Rfe8 17. e5 d5 18. Ba3 Ne7 19. Rc1 g5 20. Ne1 Bc6 21. Nd3 b6
22. Nb4 Bb7 23. c4 a5 24. Na2 Ba6 25. Qd1 dxc4 26. bxc4 Kh8 27. Bb2 c6 28. Ba3
Bb7 29. Rb1 Nc8 30. Rb3 Qc7 31. f4 Ba6 32. Rc3 gxf4 33. gxf4 Bf8 34. Bxf8 Rxf8
35. d5 Rg8 36. d6 Qf7 37. Kh1 c5 38. Bf3 Bb7 39. Bxb7 Qxb7+ 40. Qf3 Qd7 41. Ra3
Na7 42. Nc3 Nc6 43. Nb5 Rg4 44. h3 Rg6 45. Raa2 Rdg8 46. Rg2 Nd4 47. Nxd4 cxd4
48. Rxg6 Rxg6 49. Rd2 Qxa4 50. Rxd4 Rg7 51. Rd2 Kh7 52. Kh2 Qa1 53. Qf2 Qa4 54.
Qxb6 Qxc4 55. Qe3 Qc6 56. Qd3 Qc1 57. Qd4 Qc6 58. Qe3 Qc1 59. Qd4 Qc6 60. Qd3
1/2-1/2

[Event "NED-ch 1987"]
[Site "Hilversum"]
[Date "1987.??.??"]
[Round "?"]
[White "Ree, Hans"]
[Black "Cardon, Helmut"]
[Result "1/2-1/2"]
[WhiteElo "2440"]
[BlackElo "2380"]
[PlyCount "78"]
[EventDate "1987.06.??"]
[Source "ChessBase"]
[SourceDate "1994.03.01"]

1. d4 Nf6 2. c4 e6 3. Nf3 c5 4. d5 exd5 5. cxd5 d6 6. Nc3 g6 7. g3 Bg7 8. Bg2
O-O 9. O-O Na6 10. h3 Bd7 11. e4 Qc8 12. Bf4 Re8 13. Nd2 Bxh3 14. Bxd6 Bxg2 15.
Kxg2 Qd7 16. Bf4 Nb4 17. Qb1 Nh5 18. Be3 f5 19. Bxc5 Na6 20. Ba3 b5 21. Qd3 b4
22. Qxa6 bxc3 23. bxc3 fxe4 24. Rfe1 Qg4 25. Re3 Bh6 26. Bc5 Nf4+ 27. Kg1 Nh3+
28. Kg2 Nf4+ 29. Kg1 Nh3+ 30. Kg2 Bxe3 31. Bxe3 Ng5 32. Rh1 Nf3 33. Nc4 Ne5 34.
Nxe5 Rxe5 35. Qb7 Qf3+ 36. Kg1 Qd1+ 37. Kg2 Qf3+ 38. Kg1 Qd1+ 39. Kg2 Qf3+
1/2-1/2

[Event "NED-ch 1987"]
[Site "Hilversum"]
[Date "1987.??.??"]
[Round "?"]
[White "Ree, Hans"]
[Black "Pieterse, Gert"]
[Result "1-0"]
[WhiteElo "2440"]
[BlackElo "2290"]
[PlyCount "49"]
[EventDate "1987.06.??"]
[Source "ChessBase"]
[SourceDate "1994.03.01"]

1. c4 e6 2. Nc3 d5 3. d4 c6 4. e3 f5 5. Bd3 Nf6 6. Nge2 Bd6 7. b3 O-O 8. Bb2
Ne4 9. g3 Nd7 10. f3 Nxc3 11. Nxc3 Nf6 12. O-O e5 13. Nxd5 cxd5 14. dxe5 Bc5
15. exf6 Bxe3+ 16. Kg2 d4 17. fxg7 Rf7 18. Qc2 Qf6 19. Rad1 Bd7 20. c5 Rxg7 21.
Bc4+ Kf8 22. Qd3 f4 23. Bxd4 Rxg3+ 24. hxg3 Qg5 25. Qxh7 1-0

[Event "NED-ch 1987"]
[Site "Hilversum"]
[Date "1987.??.??"]
[Round "?"]
[White "Ree, Hans"]
[Black "Sosonko, Gennadi"]
[Result "1/2-1/2"]
[WhiteElo "2440"]
[BlackElo "2530"]
[PlyCount "44"]
[EventDate "1987.06.??"]
[Source "ChessBase"]
[SourceDate "1994.03.01"]

1. c4 e5 2. Nc3 Nf6 3. Nf3 Nc6 4. g3 d5 5. cxd5 Nxd5 6. Bg2 Nb6 7. O-O Be7 8.
d3 O-O 9. Be3 Bg4 10. Rc1 Re8 11. Ne4 Nd4 12. Bxd4 exd4 13. Nc5 Bxc5 14. Rxc5
Qd6 15. b4 c6 16. Re1 Nd7 17. Rc1 Ne5 18. Qb3 Nxf3+ 19. Bxf3 Bxf3 20. exf3 Kf8
21. Re4 Re5 22. Rc4 Rxe4 1/2-1/2

[Event "NED-ch 1987"]
[Site "Hilversum"]
[Date "1987.??.??"]
[Round "?"]
[White "Ree, Hans"]
[Black "Van der Sterren, Paul"]
[Result "0-1"]
[WhiteElo "2440"]
[BlackElo "2520"]
[PlyCount "118"]
[EventDate "1987.06.??"]
[Source "ChessBase"]
[SourceDate "1994.03.01"]

1. Nf3 Nf6 2. c4 e6 3. Nc3 d5 4. d4 Be7 5. Bg5 h6 6. Bxf6 Bxf6 7. e3 O-O 8. Rc1
c6 9. Bd3 Nd7 10. cxd5 exd5 11. b4 a6 12. a4 Be7 13. b5 Ba3 14. Rc2 axb5 15.
axb5 Nf6 16. O-O c5 17. dxc5 Bxc5 18. Ne2 Bb6 19. Ned4 Ne4 20. Qc1 Qe7 21. Rd1
Bg4 22. Be2 Rfc8 23. h3 Bd7 24. Qb2 Rxc2 25. Nxc2 Qc5 26. Bd3 Qc3 27. Qxc3 Nxc3
28. Rc1 Bxb5 29. Bxb5 Nxb5 30. Rb1 Ra5 31. Na3 Nxa3 32. Rxb6 Rb5 33. Rd6 Nc4
34. Rd8+ Kh7 35. g4 Kg6 36. Nd4 Rb1+ 37. Kg2 Rb2 38. Nf5 Kf6 39. Rxd5 g6 40.
Rd4 b5 41. Nd6 Nxe3+ 42. Kg3 Nc2 43. Rd3 Ke7 44. Ne4 Rb4 45. Nc5 Rd4 46. Rc3
Rc4 47. Rxc4 bxc4 48. Kf4 Kd6 49. Ne4+ Kd5 50. Nc3+ Kd4 51. Nb5+ Kd3 52. Ke5 g5
53. Nd6 c3 54. Nb5 Ne1 55. Nxc3 Nf3+ 56. Kf6 Kxc3 57. Kxf7 Kd3 58. Kg6 Ke2 59.
Kxh6 Kxf2 0-1

[Event "NED-ch 1987"]
[Site "Hilversum"]
[Date "1987.??.??"]
[Round "?"]
[White "Ree, Hans"]
[Black "Vanheste, Jeroen"]
[Result "1/2-1/2"]
[WhiteElo "2440"]
[BlackElo "2290"]
[PlyCount "50"]
[EventDate "1987.06.??"]
[Source "ChessBase"]
[SourceDate "1994.03.01"]

1. d4 f5 2. g3 Nf6 3. Bg2 g6 4. Nf3 Bg7 5. O-O O-O 6. b3 d6 7. Bb2 Qe8 8. Nbd2
Nc6 9. Nc4 Kh8 10. a4 h6 11. a5 Be6 12. a6 b5 13. Ne3 Nd5 14. Qd2 Nxe3 15. Qxe3
Bd5 16. c4 bxc4 17. bxc4 Bxc4 18. d5 Bxb2 19. Qxh6+ Kg8 20. Ng5 Rf7 21. Qxg6+
Rg7 22. Qe6+ Kh8 23. Qh6+ Kg8 24. Qe6+ Kh8 25. Qh6+ Kg8 1/2-1/2

[Event "NED-ch 1987"]
[Site "Hilversum"]
[Date "1987.??.??"]
[Round "?"]
[White "Riemersma, Liafbern"]
[Black "Cardon, Helmut"]
[Result "1-0"]
[WhiteElo "2395"]
[BlackElo "2380"]
[PlyCount "81"]
[EventDate "1987.06.??"]
[Source "ChessBase"]
[SourceDate "1994.03.01"]

1. e4 c5 2. Nf3 d6 3. d4 cxd4 4. Nxd4 Nf6 5. Nc3 Nc6 6. Bc4 e6 7. Be3 Be7 8.
Qe2 a6 9. O-O-O Qc7 10. Bb3 Na5 11. g4 b5 12. g5 Nxb3+ 13. axb3 Nd7 14. Nf5
exf5 15. Nd5 Qd8 16. exf5 Bb7 17. f6 gxf6 18. Rhe1 Bxd5 19. Rxd5 Rg8 20. Bf4
Kf8 21. Qd2 Rxg5 22. Bxg5 fxg5 23. h4 Ne5 24. Rexe5 dxe5 25. Rxd8+ Rxd8 26. Qe3
gxh4 27. Qxe5 Ke8 28. Qh8+ Kd7 29. Qxh7 Bg5+ 30. Kb1 Ke7 31. Qe4+ Kf8 32. Qf5
Be7 33. Qe5 Rd1+ 34. Ka2 Rg1 35. Qh8+ Rg8 36. Qh6+ Ke8 37. Qxa6 Kf8 38. Qxb5
Rh8 39. Qe5 Rh6 40. Qe3 Re6 41. Qh3 1-0

[Event "NED-ch 1987"]
[Site "Hilversum"]
[Date "1987.??.??"]
[Round "?"]
[White "Riemersma, Liafbern"]
[Black "Pieterse, Gert"]
[Result "1/2-1/2"]
[WhiteElo "2395"]
[BlackElo "2290"]
[PlyCount "60"]
[EventDate "1987.06.??"]
[Source "ChessBase"]
[SourceDate "1994.03.01"]

1. e4 c6 2. d4 d5 3. Nd2 dxe4 4. Nxe4 Nf6 5. Nxf6+ gxf6 6. c3 Bf5 7. Nf3 e6 8.
g3 h5 9. Bg2 Be4 10. O-O Be7 11. Re1 f5 12. Bf1 c5 13. Be3 Nc6 14. Bb5 h4 15.
Nd2 hxg3 16. fxg3 Qb6 17. Qa4 O-O-O 18. Nc4 Qc7 19. Bf4 Qxf4 20. gxf4 Rdg8+ 21.
Kf1 Rxh2 22. Nd6+ Bxd6 23. Rxe4 fxe4 24. Re1 Be7 25. Re2 Rh1+ 26. Kf2 cxd4 27.
cxd4 Rh2+ 28. Kf1 Rh1+ 29. Kf2 Rh2+ 30. Kf1 Rh1+ 1/2-1/2

[Event "NED-ch 1987"]
[Site "Hilversum"]
[Date "1987.??.??"]
[Round "?"]
[White "Riemersma, Liafbern"]
[Black "Van der Sterren, Paul"]
[Result "1/2-1/2"]
[WhiteElo "2395"]
[BlackElo "2520"]
[PlyCount "94"]
[EventDate "1987.06.??"]
[Source "ChessBase"]
[SourceDate "1994.03.01"]

1. e4 e5 2. Nf3 Nc6 3. Bb5 a6 4. Ba4 Nf6 5. O-O Be7 6. Re1 b5 7. Bb3 O-O 8. c3
d6 9. h3 Na5 10. Bc2 c5 11. d4 Qc7 12. Nbd2 cxd4 13. cxd4 Bd7 14. Nf1 Rac8 15.
Bd3 Rfe8 16. Re2 Nc6 17. Rc2 Qb7 18. d5 Nb4 19. Rxc8 Rxc8 20. Bb1 Qc7 21. Bg5
Nc2 22. Bxc2 Qxc2 23. Qxc2 Rxc2 24. Rb1 h6 25. Ne3 Rc8 26. Bxf6 Bxf6 27. Kf1 g6
28. Ke2 h5 29. h4 Bd8 30. g3 f5 31. Nd2 Bb6 32. Kd3 b4 33. f3 Bb5+ 34. Nec4 Bf2
35. b3 Bxg3 36. exf5 Rc5 37. Rg1 Rxd5+ 38. Kc2 Bxh4 39. Rxg6+ Kf8 40. Nxd6 Bd3+
41. Kc1 Bg3 42. N2e4 Bf4+ 43. Kb2 Bxe4 44. Nxe4 h4 45. Rf6+ Kg7 46. Rg6+ Kf8
47. Rf6+ Kg7 1/2-1/2

[Event "NED-ch 1987"]
[Site "Hilversum"]
[Date "1987.??.??"]
[Round "?"]
[White "Riemersma, Liafbern"]
[Black "Van der Wiel, John"]
[Result "0-1"]
[WhiteElo "2395"]
[BlackElo "2520"]
[PlyCount "78"]
[EventDate "1987.06.??"]
[Source "ChessBase"]
[SourceDate "1994.03.01"]

1. e4 c6 2. d4 d5 3. Nd2 dxe4 4. Nxe4 Nd7 5. Bd3 Ndf6 6. Ng5 Bg4 7. N1f3 Bh5 8.
c3 Qc7 9. Qc2 h6 10. Ne6 Qd6 11. Nxf8 Bxf3 12. Ng6 Bxg2 13. Rg1 Qxh2 14. Rxg2
Qxg2 15. Nxh8 Qh1+ 16. Bf1 Qe4+ 17. Qxe4 Nxe4 18. Bc4 e6 19. Bf4 Ke7 20. O-O-O
b5 21. Be2 Ngf6 22. f3 Nh5 23. Be5 Neg3 24. Bd3 Rxh8 25. Rg1 Nf5 26. Be4 f6 27.
Bh2 Rc8 28. Re1 Kf7 29. Bc2 g5 30. a4 a6 31. axb5 axb5 32. b3 Nhg7 33. Bg1 Nh4
34. Rf1 Ngf5 35. c4 bxc4 36. bxc4 Rd8 37. Rd1 Nxf3 38. d5 cxd5 39. Bb6 Rb8 0-1